000 00660nam a22002177a 4500
003 OSt
005 20140310182445.0
008 130311t xxu||||| |||| 00| 0 eng d
020 _a9780763763848
050 _aQP 514.2
_b.W66 2012
100 _aWoodbury, Charles P. Jr.
_97730
245 _aBiochemistry :
_cCharles P. Woodbury Jr.
_bfor the pharmaceutical sciences /
260 _aSudbury, MA :
_bJones & Bartlett Learning,
_cc2012.
300 _c27 cm.
_a500 p. :
_bill. ;
650 _aBiochemical Phenomena.
_97768
650 _aPharmacology
_xmethods.
_97769
942 _2lcc
_cSSLC
999 _c13596
_d13596